Desempeño ambiental del sector palmero en Colombia : (Registro nro. 6276)

Detalles MARC
000 -CABECERA
Campo de control 00814nam a2200241 a 4500
005 - FECHA Y HORA DE LA ULTIMA TRANSACCION
Campo de control 20191224041829.0
008 - ELEMENTOS DE LONGITUD FIJA—INFORMACION GENERAL
Campo de control 160215s2004 ck ado fr|||| 000 0 spa d
020 ## - ISBN
ISBN 9589716857
040 ## - FUENTE DE CATALOGACIÓN
Agencia catalogadora original CO-BoIAVH
Agencia transcriptora CO-BoIAVH
041 0# - IDIOMA
Código de idioma para texto/pista de sonido o título separado Español
044 ## - PAÍS DE PUBLICACIÓN
País de publicación Colombia
082 04 - NUMERO DE CLASIFICACION DECIMAL DEWEY
Número de clasificación 641.33851
Número del ítem R69d
100 1# - ASIENTO PRINCIPAL--NOMBRE PERSONAL
Nombre personal Rodríguez Becerra, Manuel
9 (RLIN) 60080
245 10 - MENCION DE TITULO
Título Desempeño ambiental del sector palmero en Colombia :
Parte restante del título evaluación y perspectivas
260 ## - PUBLICACION, DISTRIBUCION, ETC. (PIE DE IMPRENTA)
Lugar de publicación, distribución, etc. Bogotá :
Nombre del editor, distribuidor, etc. Fedepalma,
Fecha de publicación, distribución, etc. 2004.
300 ## - DESCRIPCION FISICA
Extensión 157 páginas :
Otros detalles físicos Ilustraciones, gráficas, fotografías,
Dimensiones 24 x 17 cm.
504 ## - NOTA DE BIBLIOGRAFIA, ETC.
Nota de bibliografía Incluye referencias bibliográficas páginas 149-154.
650 16 - ASIENTO SECUNDARIO DE MATERIA - TERMINO TEMATICO
Término temático o nombre geográfico como elemento de entrada Aceite de palma
9 (RLIN) 60081
650 26 - ASIENTO SECUNDARIO DE MATERIA - TERMINO TEMATICO
Término temático o nombre geográfico como elemento de entrada Políticas ambientales
9 (RLIN) 5366
650 26 - ASIENTO SECUNDARIO DE MATERIA - TERMINO TEMATICO
Término temático o nombre geográfico como elemento de entrada Pesticidas
Subdivisión general Toxicidad
9 (RLIN) 60083
700 1# - ASIENTO SECUNDARIO - NOMBRE PERSONAL
Nombre personal Hoof Van, Bart
9 (RLIN) 60079
942 ## - ELEMENTOS ADICIONALES (KOHA)
Tipo de ítem Libro
Sistema de clasificación Dewey Decimal Classification
Existencias
Withdrawn status Lost status Sistema de Clasificación Damaged status No para préstamo Colección Ubicación Permanente Ubicación actual Fecha de adquisición Total Checkouts Número topográfico Inventario / Código de Barras Date last seen Date checked out Ejemplar Price effective from Forma de adquisición Tipo de material
    Dewey Decimal Classification     General Bogotá Bogotá 08/05/2008 1 LB-641.33851 R69d 025968 12/05/2015 10/04/2015 Ej.1 04/12/2012   Libro